Sports Quiz

Random Sports or Soccer Quiz

Premier League Week 27 Goalscorers (19/20) Quiz Stats

 Plays Quiz not verified by Sporcle

Support Sporcle.
Go Orange.
Score 0/26 Timer 03:00
0 Plays Today
Match Goalscorer % Correct
Liverpool v West HamMohamed Salah
93.8%
Arsenal v EvertonPierre-Emerick Aubameyang
92.3%
Liverpool v West HamSadio Mane
92.3%
Man Utd v WatfordAnthony Martial
87.7%
Arsenal v EvertonDominic Calvert-Lewin
84.6%
Chelsea v SpursOlivier Giroud
80%
Man Utd v WatfordBruno Fernandes
78.5%
Wolves v NorwichDiogo Jota
78.5%
Leicester v Man CityGabriel Jesus
76.9%
Arsenal v EvertonRicharlison
75.4%
Liverpool v West HamIssa Diop
73.8%
Chelsea v SpursMarcos Alonso
70.8%
Wolves v NorwichRaul Jimenez
69.2%
Match Goalscorer % Correct
Liverpool v West HamGeorginio Wijnaldum
69.2%
Man Utd v WatfordMason Greenwood
64.6%
Chelsea v SpursAntonio Rudiger (O.G.)
63.1%
Liverpool v West HamPablo Fornals
63.1%
Southampton v Aston VillaShane Long
61.5%
Arsenal v EvertonEddie Nketiah
58.5%
Burnley v BournemouthDwight McNeil
55.4%
Burnley v BournemouthMatej Vydra
50.8%
Sheffield Utd v BrightonNeal Maupay
50.8%
Crystal Palace v NewcastlePatrick van Aanholt
49.2%
Burnley v BournemouthJay Rodriguez
47.7%
Sheffield Utd v BrightonEnda Stevens
47.7%
Southampton v Aston VillaStuart Armstrong
47.7%

You're not logged in!

Compare scores with friends on all Sporcle quizzes.
OR
Log In

From the Vault

The NFL Quarterback Alphabet

by noahtialigo

Still trying to figure out how to Voltron-style combine 4 quarterbacks into 1 wholeback.
Remove Ads.
Support Sporcle.
Get the best of Sporcle when you Go Orange. This ad-free experience offers more features, more stats, and more fun while also helping to support Sporcle. Thank you for becoming a member.

Show Comments

Extras

Top Quizzes Today


Score Distribution

Your Account Isn't Verified!

In order to create a playlist on Sporcle, you need to verify the email address you used during registration. Go to your Sporcle Settings to finish the process.

Report this User

Report this user for behavior that violates our Community Guidelines.

Details: